000 00461cam a22001812 4500
001 0000000484
005 20151217155802.0
008 070205s xx 000 0 eng d
040 _aKABU
_cKABU
050 0 _aDT425
_b.C68
100 1 _aCourtney, Roger.
_@0000148692
245 1 0 _aAfrican escapade.
260 _aLondon :
_bJenkins,
_c1939.
300 _a252 p.
908 _a070205
950 _@1
999 _c12348
_d12348